ՀՀ Գիտությունների ազգային ակադեմիայի հիմնարար գիտական գրադարան  =   Fundamental Scientific Library of NAS RA

Гусляры : (Record no. 360743)

MARC details
000 -LEADER
fixed length control field 00882nam a2200193 a 4500
001 - CONTROL NUMBER
control field 001122581
003 - CONTROL NUMBER IDENTIFIER
control field AM-YeHGA
005 - DATE AND TIME OF LATEST TRANSACTION
control field 20250617151931.0
008 - FIXED-LENGTH DATA ELEMENTS--GENERAL INFORMATION
fixed length control field 151223s1976 ||| r 000 0 rus d
040 ## - CATALOGING SOURCE
Original cataloging agency AM-YeHGA
041 0# - LANGUAGE CODE
Language code of text/sound track or separate title rus
090 ## - LOCALLY ASSIGNED LC-TYPE CALL NUMBER (OCLC); LOCAL CALL NUMBER (RLIN)
-- 362584
100 1# - MAIN ENTRY--PERSONAL NAME
Personal name Крупняков, Аркадий Степанович
245 10 - TITLE STATEMENT
Title Гусляры :
Remainder of title Историческое троекнижие о том, как Русь ордынское иго сбросила. /
Statement of responsibility, etc. Аркадий Крупняков.
260 ## - PUBLICATION, DISTRIBUTION, ETC.
Place of publication, distribution, etc. Йошкар-Ола :
Name of publisher, distributor, etc. Марийское кн. изд-во,
Date of publication, distribution, etc. 1976-.
300 ## - PHYSICAL DESCRIPTION
Extent кн.
505 10 - FORMATTED CONTENTS NOTE
Miscellaneous information Кн. 1 (1976, 320 с., ил.)
Title Москва-матушка
Miscellaneous information Кн. 2 (1977, 272 с., ил.)
Title Москва-матушка
Miscellaneous information Кн. 3 (1978, 430 с., ил.)
Title Марш Акпарса
653 ## - INDEX TERM--UNCONTROLLED
Uncontrolled term Русская совeтская литература
Holdings
Withdrawn status Lost status Source of classification or shelving scheme Damaged status Not for loan Collection Home library Current library Date acquired Serial enumeration / chronology Total checkouts Full call number Barcode Date last seen Price effective from Koha item type Public note
    Universal Decimal Classification     General Fundamental Scientific Library Fundamental Scientific Library 11/01/2017 Кн. 2   PII/397910 FL0404912 11/01/2017 11/01/2017 Գրքեր / Books 30 Days Loan
    Universal Decimal Classification     General Fundamental Scientific Library Fundamental Scientific Library 11/01/2017 Кн. 3   PII/421736 FL0435959 11/01/2017 11/01/2017 Գրքեր / Books 30 Days Loan
          General Fundamental Scientific Library Fundamental Scientific Library 11/01/2017 Кн. 1   РII/386351 FL0372236 11/01/2017 11/01/2017 Գրքեր / Books 30 Days Loan


ՀՀ ԳԱԱ հիմնարար գիտական գրադարան
ՀՀ,Երևան 0019
Մարշալ Բաղրամյան 24/6
հեռախոս:(374-10) 52-47-50
Հետադարձ կապ

All site content, except where otherwise noted, is licensed under a
Creative Commons License